000 00507nam a2200157 4500
999 _c6736
_d6736
008 170426b xxu||||| |||| 00| 0 eng d
022 _a0119-9000
082 _aDPer 641.505 C77 Jan-June 2013 v.13-14
100 _920386
_aYonzon, Hugo, III.
245 _aThe sense and sensuality of hot foods/
_cHugo Yonzon III.
260 _aPhilippines:
_bUBM Medica,
_c©Jan-June 2013.
300 _av13 n11, pages 8-11:
_billustrations;
_c29 cm.
500 _aCook.
650 0 _920387
_aFood.
942 _2ddc
_cPER